[Event "21st Sants Open 2019"]
[Site "Cotxeres de Sants"]
[Date "2019.08.31"]
[Round "9.10"]
[White "Krishna C R G"]
[Black "Haast, Mark"]
[Result "1/2-1/2"]
[WhiteElo "2444"]
[BlackElo "2413"]
[Annotator "NA"]
[PlyCount "54"]
[EventDate "2019.08.22"]
[EventType "swiss"]
[EventCountry "ESP"]
[SourceTitle "playchess.com"]
[Source "ChessBase"]
[SourceQuality "1"]
[TimeControl "40/5400+30:1800+30"]

1. d4 {[%emt 0:00:00]} Nf6 {[%emt 0:07:00]} 2. c4 {[%emt 0:00:00]} e6 {[%emt 0:00:16]} 3. g3 {[%emt 0:00:00]} Bb4+ {[%emt 0:00:46]} 4. Bd2 {[%emt 0:00:00]} a5 {[%emt 0:00:16]} 5. Bg2 {[%emt 0:00:08]} d6 {[%emt 0:00:46]} 6. Nc3 {[%emt 0:10:38]} Nbd7 {[%emt 0:03:34]} 7. Qc2 {[%emt 0:04:59]} e5 {[%emt 0:01:36]} 8. a3 {[%emt 0:04:29]} Bxc3 {[%emt 0:01:55]} 9. Bxc3 {[%emt 0:00:03]} exd4 {[%emt 0:12:57]} 10. Bxd4 {[%emt 0:00:09]} a4 {[%emt 0:00:17]} 11. Nf3 {[%emt 0:05:14]} O-O {[%emt 0:01:03]} 12. O-O {[%emt 0:00:08]} Qe7 {[%emt 0:02:31]} 13. Rfe1 {[%emt 0:05:16]} Ne4 {[%emt 0:06:37]} 14. Nd2 {[%emt 0:19:01]} Nxd2 {[%emt 0:00:41]} 15. Qxd2 {[%emt 0:00:03]} Nc5 {[%emt 0:00:32]} 16. Qc3 {[%emt 0:00:56]} f6 {[%emt 0:02:12]} 17. Rad1 {[%emt 0:04:59]} Re8 {[%emt 0:06:57]} 18. e4 {[%emt 0:01:22]} Bg4 {[%emt 0:03:06]} 19. f3 {[%emt 0:00:44]} Bh5 {[%emt 0:00:32]} 20. Bf2 {[%emt 0:10:10]} Ra6 {[%emt 0:23:15]} 21. Re3 {[%emt 0:00:24]} Rb6 {[%emt 0:04:53]} 22. Qc2 {[%emt 0:00:02]} Bf7 {[%emt 0:00:35]} 23. Rc3 {[%emt 0:08:59]} Rb3 {[%emt 0:01:20]} 24. Rxb3 {[%emt 0:15:18]} Nxb3 {[%emt 0:00:47]} 25. Bh3 {[%emt 0:00:03]} Be6 {[%emt 0:01:04]} 26. Bxe6+ {[%emt 0:00:34]} Qxe6 {[%emt 0:00:01]} 27. Kg2 {[%emt 0:01:55]} b6 {[%emt 0:02:57]} 1/2-1/2

[Event "21st Sants Open 2019"]
[Site "Cotxeres de Sants"]
[Date "2019.08.31"]
[Round "9.11"]
[White "Valenzuela Gomez, Fernando"]
[Black "Munoz, Miguel"]
[Result "1/2-1/2"]
[WhiteElo "2388"]
[BlackElo "2514"]
[Annotator "ChessBase"]
[PlyCount "65"]
[EventDate "2019.08.22"]
[EventType "swiss"]
[EventCountry "ESP"]
[SourceTitle "playchess.com"]
[Source "ChessBase"]
[SourceQuality "1"]
[TimeControl "40/5400+30:1800+30"]

1. d4 {[%emt 0:06:37]} Nf6 {[%emt 0:04:11]} 2. c4 {[%emt 0:01:33]} c5 {[%emt 0:00:27]} 3. d5 {[%emt 0:00:32]} g6 {[%emt 0:00:40]} 4. Nc3 {[%emt 0:00:12]} Bg7 {[%emt 0:00:05]} 5. e4 {[%emt 0:00:14]} d6 {[%emt 0:00:11]} 6. Nge2 {[%emt 0:00:35]} e5 {[%emt 0:01:23]} 7. Ng3 {[%emt 0:01:58]} h5 {[%emt 0:00:49]} 8. Be2 {[%emt 0:03:29]} a6 {[%emt 0:03:59]} 9. a4 {[%emt 0:01:40]} Nbd7 {[%emt 0:02:16]} 10. Bg5 {[%emt 0:00:23]} Bh6 {[%emt 0:00:09]} 11. Bxh6 {[%emt 0:02:06]} Rxh6 {[%emt 0:00:06]} 12. Qd2 {[%emt 0:00:28]} Rh7 {[%emt 0:00:16]} 13. h4 {[%emt 0:03:00]} b6 {[%emt 0:01:30]} 14. Nf1 {[%emt 0:01:05]} Qe7 {[%emt 0:02:39]} 15. Ne3 {[%emt 0:02:53]} Kf8 {[%emt 0:01:45]} 16. f3 {[%emt 0:11:09]} Ne8 {[%emt 0:07:14]} 17. g3 {[%emt 0:01:49]} Ng7 {[%emt 0:03:40]} 18. Bd3 {[%emt 0:00:41]} Kg8 {[%emt 0:02:40]} 19. O-O-O {[%emt 0:05:16]} Nf6 {[%emt 0:01:07]} 20. f4 {[%emt 0:05:19]} Ng4 {[%emt 0:05:03]} 21. f5 {[%emt 0:04:06]} Nxe3 {[%emt 0:00:33]} 22. fxg6 {[%emt 0:02:16]} fxg6 {[%emt 0:01:04]} 23. Qxe3 {[%emt 0:00:08]} Bg4 {[%emt 0:03:34]} 24. Rdf1 {[%emt 0:01:55]} Rf8 {[%emt 0:06:27]} 25. Rxf8+ {[%emt 0:02:14]} Qxf8 {[%emt 0:01:18]} 26. Qg5 {[%emt 0:07:10]} Ne8 {[%emt 0:01:58]} 27. Rf1 {[%emt 0:10:47]} Qh6 {[%emt 0:01:37]} 28. Qxh6 {[%emt 0:03:38]} Rxh6 {[%emt 0:00:08]} 29. a5 {[%emt 0:02:12]} bxa5 {[%emt 0:03:09]} 30. Be2 {[%emt 0:00:42]} Rh7 {[%emt 0:04:10]} 31. Bxg4 {[%emt 0:03:37]} hxg4 {[%emt 0:01:28]} 32. Kc2 {[%emt 0:00:23]} Rb7 {[%emt 0:04:08]} 33. Ra1 {[%emt 0:01:42]} 1/2-1/2

[Event "21st Sants Open 2019"]
[Site "Cotxeres de Sants"]
[Date "2019.08.31"]
[Round "9.12"]
[White "Idani, Pouya"]
[Black "Valdes Romero, Leonardo"]
[Result "1-0"]
[WhiteElo "2581"]
[BlackElo "2397"]
[Annotator "ChessBase"]
[PlyCount "91"]
[EventDate "2019.08.22"]
[EventType "swiss"]
[EventCountry "ESP"]
[SourceTitle "playchess.com"]
[Source "ChessBase"]
[SourceQuality "1"]
[TimeControl "40/5400+30:1800+30"]

1. d4 {[%emt 0:00:00]} Nf6 {[%emt 0:05:05]} 2. c4 {[%emt 0:00:00]} g6 {[%emt 0:00:10]} 3. g3 {[%emt 0:00:00]} Bg7 {[%emt 0:00:23]} 4. Bg2 {[%emt 0:00:00]} O-O {[%emt 0:00:13]} 5. Nc3 {[%emt 0:00:00]} d6 {[%emt 0:00:06]} 6. Nf3 {[%emt 0:00:01]} Nc6 {[%emt 0:00:42]} 7. O-O {[%emt 0:00:05]} a6 {[%emt 0:00:17]} 8. b3 {[%emt 0:00:07]} Rb8 {[%emt 0:00:21]} 9. d5 {[%emt 0:00:05]} Na5 {[%emt 0:00:11]} 10. Bd2 {[%emt 0:00:06]} c5 {[%emt 0:00:20]} 11. dxc6 {[%emt 0:00:06]} Nxc6 {[%emt 0:00:06]} 12. Rc1 {[%emt 0:00:06]} Bf5 {[%emt 0:00:26]} 13. Be3 {[%emt 0:00:19]} Ng4 {[%emt 0:19:55]} 14. Bf4 {[%emt 0:00:16]} Nge5 {[%emt 0:02:17]} 15. Qd2 {[%emt 0:11:25]} Nxf3+ {[%emt 0:28:47]} 16. Bxf3 {[%emt 0:05:08]} Nd4 {[%emt 0:01:39]} 17. Bg2 {[%emt 0:00:46]} b5 {[%emt 0:00:17]} 18. cxb5 {[%emt 0:11:51]} axb5 {[%emt 0:03:12]} 19. Nd5 {[%emt 0:02:03]} Bd7 {[%emt 0:08:30]} 20. Rfd1 {[%emt 0:12:34]} h5 {[%emt 0:13:25]} 21. Bg5 {[%emt 0:07:59]} Re8 {[%emt 0:01:32]} 22. Be3 {[%emt 0:06:00]} e5 {[%emt 0:08:16]} 23. Bg5 {[%emt 0:01:25]} Nxe2+ {[%emt 0:01:59]} 24. Kh1 {[%emt 0:02:03]} f6 {[%emt 0:00:04]} 25. Bxf6 {[%emt 0:00:04]} Bxf6 {[%emt 0:00:04]} 26. Qxe2 {[%emt 0:00:05]} Bg5 {[%emt 0:01:06]} 27. Rc7 {[%emt 0:01:33]} Rc8 {[%emt 0:00:34]} 28. Qc2 {[%emt 0:11:58]} Bf5 {[%emt 0:00:56]} 29. Qc6 {[%emt 0:00:12]} Rf8 {[%emt 0:01:38]} 30. h4 {[%emt 0:05:25]} Rxc7 {[%emt 0:01:32]} 31. Nxc7 {[%emt 0:01:26]} Be7 {[%emt 0:00:35]} 32. Nxb5 {[%emt 0:00:26]} Rf6 {[%emt 0:00:45]} 33. Nc3 {[%emt 0:03:11]} Be6 {[%emt 0:00:31]} 34. Bd5 {[%emt 0:00:28]} Bxd5+ {[%emt 0:00:30]} 35. Qxd5+ {[%emt 0:00:22]} Kh7 {[%emt 0:00:26]} 36. Ne4 {[%emt 0:00:45]} Rf8 {[%emt 0:00:06]} 37. Qe6 {[%emt 0:03:27]} Kh6 {[%emt 0:00:42]} 38. Kg1 {[%emt 0:02:28]} Qc7 {[%emt 0:00:34]} 39. Kg2 {[%emt 0:02:31]} Qb7 {[%emt 0:00:22]} 40. Qd5 {[%emt 0:00:00]} Qa7 {[%emt 0:00:00]} 41. a4 {[%emt 0:01:30]} Kg7 {[%emt 0:01:24]} 42. Rd3 {[%emt 0:01:50]} Qa6 {[%emt 0:05:07]} 43. a5 {[%emt 0:01:17]} Rc8 {[%emt 0:02:59]} 44. Rc3 {[%emt 0:02:18]} Rxc3 {[%emt 0:00:24]} 45. Nxc3 {[%emt 0:00:02]} Qc8 {[%emt 0:00:05]} 46. Ne4 {[%emt 0:00:08]} 1-0

[Event "21st Sants Open 2019"]
[Site "Cotxeres de Sants"]
[Date "2019.08.31"]
[Round "9.13"]
[White "Morales, Jhon Alexander"]
[Black "Antova, Gabriela"]
[Result "1/2-1/2"]
[WhiteElo "2405"]
[BlackElo "2270"]
[Annotator "NA"]
[PlyCount "42"]
[EventDate "2019.08.22"]
[EventType "swiss"]
[EventCountry "ESP"]
[SourceTitle "playchess.com"]
[Source "ChessBase"]
[SourceQuality "1"]
[TimeControl "40/5400+30:1800+30"]

1. g3 {[%emt 0:08:09]} d5 {[%emt 0:00:00]} 2. Nf3 {[%emt 0:03:23]} Nf6 {[%emt 0:00:08]} 3. Bg2 {[%emt 0:00:03]} e6 {[%emt 0:00:21]} 4. O-O {[%emt 0:01:23]} Be7 {[%emt 0:00:39]} 5. c4 {[%emt 0:04:20]} O-O {[%emt 0:00:39]} 6. b3 {[%emt 0:00:22]} d4 {[%emt 0:04:37]} 7. Bb2 {[%emt 0:07:29]} c5 {[%emt 0:00:34]} 8. b4 {[%emt 0:07:04]} a5 {[%emt 0:13:44]} 9. bxc5 {[%emt 0:03:05]} Nc6 {[%emt 0:02:04]} 10. d3 {[%emt 0:00:30]} e5 {[%emt 0:02:48]} 11. Na3 {[%emt 0:11:48]} Bxc5 {[%emt 0:09:06]} 12. Nb5 {[%emt 0:14:47]} h6 {[%emt 0:06:46]} 13. Nd2 {[%emt 0:02:31]} Be6 {[%emt 0:10:09]} 14. Ba3 {[%emt 0:00:28]} Bxa3 {[%emt 0:03:41]} 15. Nxa3 {[%emt 0:00:23]} Nd7 {[%emt 0:00:48]} 16. Rb1 {[%emt 0:00:55]} Rb8 {[%emt 0:04:13]} 17. Nc2 {[%emt 0:00:50]} Nc5 {[%emt 0:02:24]} 18. Ne4 {[%emt 0:00:24]} Na6 {[%emt 0:04:55]} 19. Na3 {[%emt 0:06:23]} f5 {[%emt 0:02:32]} 20. Nd2 {[%emt 0:02:06]} Qe7 {[%emt 0:02:05]} 21. Nb5 {[%emt 0:01:12]} Nc5 {[%emt 0:00:24]} 1/2-1/2

[Event "21st Sants Open 2019"]
[Site "Cotxeres de Sants"]
[Date "2019.08.31"]
[Round "9.14"]
[White "Vogel, Roven"]
[Black "Garcia Ramos, Daniel"]
[Result "1-0"]
[WhiteElo "2456"]
[BlackElo "2348"]
[Annotator "TA"]
[PlyCount "121"]
[EventDate "2019.08.22"]
[EventType "swiss"]
[EventCountry "ESP"]
[SourceTitle "playchess.com"]
[Source "ChessBase"]
[SourceQuality "1"]

{[%evp 11,121,13,37,25,16,12,24,27,48,50,47,41,70,-33,103,96,87,89,106,84,141,140,153,142,146,128,177,166,185,184,164,125,131,131,134,102,108,102,109,114,115,117,120,97,92,102,109,93,119,129,129,125,175,165,154,166,147,137,147,113,133,140,135,0,129,132,136,121,131,134,168,166,186,186,171,177,172,138,116,145,182,178,216,216,204,200,168,172,185,175,231,191,182,198,201,198,783,749,847,760,744,723,723,723,723,575,512,506,498,467,29988,29989]} 1. d4 Nf6 2. Nf3 b6 3. c4 Bb7 4. g3 g6 5. Bg2 Bg7 6. O-O O-O 7. Bf4 {A50: Queen's Fianchetto Defence (1 d4 Nf6 2 c4 b6)} (7. Qc2 e6 8. Nc3 d5 9. Ne5 c6 10. Rd1 Nbd7 11. e4 dxe4 12. Nxe4 Nxe4 13. Bxe4 Qc7 14. Nxd7 Qxd7 15. Be3 {1-0 (47) Xiong,J (2672)-Mamedyarov,S (2817) chess.com INT 2019}) 7... d6 8. Qc2 Nbd7 9. Nc3 {White has an edge.} Nh5 10. Bg5 h6 11. Bd2 $146 ({Predecessor:} 11. Be3 c5 12. Rad1 Nhf6 13. h3 a6 14. Qc1 h5 15. Bh6 Ne4 16. Bxg7 Kxg7 {1-0 (48) Bergs,T-Balinsh,R Riga 1948}) 11... e5 12. Nxe5 (12. dxe5 $14 dxe5 13. Rad1) 12... dxe5 (12... Bxg2 $15 {stays ahead.} 13. Nxd7 Bxf1 14. Nxf8 Bh3 15. Nxg6 fxg6 16. Bxh6 Qf6 17. Bxg7 Kxg7) 13. Bxb7 $16 exd4 {[#] ...Rb8 is the strong threat.} 14. Nb5 $1 Rb8 15. Bd5 a6 ({Black should play} 15... c6) 16. Qxg6 {And now Nxd4 would win.} axb5 17. Qxh5 Nf6 18. Qf3 c5 19. Bc6 bxc4 {[#]} 20. Bf4 $1 Rc8 21. Rac1 Nh5 22. Bd2 (22. Qxh5 Rxc6 23. Rxc4 Qa8 $14) (22. Rxc4 $6 Nxf4 23. gxf4 d3 $11) 22... Qf6 23. Bb5 (23. Qxh5 $6 Qxc6 24. Rxc4 Rfe8 $11) ({Worse is} 23. Rxc4 Nxg3 24. hxg3 Rxc6 $11) 23... Qxf3 24. exf3 c3 25. bxc3 dxc3 26. Bxc3 Rfd8 27. Rfe1 Bxc3 28. Rxc3 Ng7 29. Bc4 Kf8 30. Rb1 Rc6 31. Ra3 Rf6 32. Ra6 Rd4 33. Bf1 Rxf3 34. Rbxb6 Ne6 {Threatening ...Rd2.} 35. Rb3 Rf6 36. Rd3 Rb4 37. Rb3 Rd4 $1 38. Rb2 Kg7 39. Rc2 Rd1 40. Kg2 Rf5 41. Be2 Rd4 42. Bc4 Ng5 43. Ra3 Ne4 44. Bd3 {aiming for f3.} c4 45. Bxc4 Nxf2 46. Rf3 ({Don't play} 46. Rxf2 Rxf2+ 47. Kxf2 Rxc4 $16) 46... Rxf3 47. Kxf3 $18 {[%mdl 4096] Endgame KRB-KRN} Ng4 48. Bb5 f5 49. a4 {[%cal Ba2a4,Ba4a5,Ba5a6][%mdl 32]} Rb4 50. Ra2 Kf6 (50... Rb3+ {keeps fighting.} 51. Kg2 Ne3+ 52. Kh3 f4) 51. Be2 Nxh2+ 52. Kg2 Ng4 53. a5 Ne5 $2 (53... Rb7 54. a6 Ra7) 54. Bf3 Nxf3 55. Kxf3 {KR-KR} Rb3+ 56. Kf2 Rb7 57. a6 Ra7 58. Ke3 Kg5 59. Ra4 Kh5 60. Kf4 Rxa6 {[#]} (60... Kg6 $18 61. Ra5 h5) 61. g4+ $1 {[%mdl 576] Double Attack. Accuracy: White = 80%, Black = 50%.} 1-0

[Event "21st Sants Open 2019"]
[Site "Cotxeres de Sants"]
[Date "2019.08.31"]
[Round "9.15"]
[White "Planella Sanchez, Jordi"]
[Black "Romero Moreno, Felix"]
[Result "0-1"]
[WhiteElo "1919"]
[BlackElo "1914"]
[Annotator "NA RC"]
[PlyCount "126"]
[EventDate "2019.08.22"]
[EventType "swiss"]
[EventCountry "ESP"]
[SourceTitle "playchess.com"]
[Source "ChessBase"]
[SourceQuality "1"]
[TimeControl "40/5400+30:1800+30"]

1. e4 {[%emt 0:07:50]} c5 {[%emt 0:00:00]} 2. Nf3 {[%emt 0:01:34]} Nc6 {[%emt 0:00:00]} 3. g3 {[%emt 0:03:04]} e6 {[%emt 0:01:53]} 4. Qe2 {[%emt 0:03:36]} Nge7 {[%emt 0:06:05]} 5. Bg2 {[%emt 0:01:29]} d5 {[%emt 0:03:23]} 6. d3 {[%emt 0:01:47]} b6 {[%emt 0:04:01]} 7. O-O {[%emt 0:00:33]} Bb7 {[%emt 0:01:19]} 8. c3 {[%emt 0:04:18]} h6 {[%emt 0:10:50]} 9. Na3 {[%emt 0:03:17]} Qd7 {[%emt 0:07:16]} 10. Nc2 {[%emt 0:05:38]} g6 {[%emt 0:04:07]} 11. Bf4 {[%emt 0:15:02]} Bg7 {[%emt 0:02:58]} 12. h4 {[%emt 0:09:05]} O-O {[%emt 0:09:55]} 13. e5 {[%emt 0:01:45]} d4 {[%emt 0:11:47]} 14. c4 {[%emt 0:00:43]} Kh7 {[%emt 0:06:53]} 15. Nh2 {[%emt 0:00:51]} f6 {[%emt 0:06:39]} 16. exf6 {[%emt 0:00:44]} Bxf6 {[%emt 0:02:54]} 17. Rae1 {[%emt 0:11:09]} e5 {[%emt 0:01:28]} 18. Bd2 {[%emt 0:00:47]} Rae8 {[%emt 0:02:03]} 19. h5 {[%emt 0:03:18]} g5 {[%emt 0:01:58]} 20. Be4+ {[%emt 0:01:06]} Kg7 {[%emt 0:00:15]} 21. a3 {[%emt 0:01:30]} Nd8 {[%emt 0:01:42]} 22. b4 {[%emt 0:01:31]} Bxe4 {[%emt 0:00:47]} 23. Qxe4 {[%emt 0:00:09]} Qf5 {[%emt 0:00:37]} 24. Qe2 {[%emt 0:02:34]} Nb7 {[%emt 0:01:35]} 25. Rb1 {[%emt 0:01:09]} Nc8 {[%emt 0:00:58]} 26. g4 {[%emt 0:00:53]} Qh7 {[%emt 0:00:09]} 27. f3 {[%emt 0:00:27]} Ncd6 {[%emt 0:00:15]} 28. Na1 {[%emt 0:02:29]} Bd8 {[%emt 0:03:49]} 29. Nb3 {[%emt 0:00:28]} Bc7 {[%emt 0:00:24]} 30. Be1 {[%emt 0:02:25]} Nxc4 {[%emt 0:01:03]} 31. bxc5 {[%emt 0:00:53]} bxc5 {[%emt 0:00:19]} 32. Bf2 {[%emt 0:03:55]} Nxa3 {[%emt 0:01:11]} 33. Ra1 {[%emt 0:00:21]} Nb5 {[%emt 0:00:02]} 34. Ra6 {[%emt 0:01:09]} Nc3 {[%emt 0:02:32]} 35. Qd2 {[%emt 0:00:37]} Bb6 {[%emt 0:00:45]} 36. Re1 {[%emt 0:02:00]} Nd5 {[%emt 0:00:30]} 37. Nc1 {[%emt 0:02:04]} Nf4 {[%emt 0:00:19]} 38. Bg3 {[%emt 0:00:21]} Nd6 {[%emt 0:01:04]} 39. Rd1 {[%emt 0:04:35]} Kh8 {[%emt 0:00:22]} 40. Kf2 {[%emt 0:00:00]} Qf7 {[%emt 0:00:00]} 41. Qc2 {[%emt 0:03:47]} c4 {[%emt 0:04:41]} 42. Bxf4 {[%emt 0:01:56]} Qxf4 {[%emt 0:01:19]} 43. Kg2 {[%emt 0:00:27]} Qf7 {[%emt 0:03:26]} 44. Ne2 {[%emt 0:03:58]} cxd3 {[%emt 0:02:54]} 45. Qxd3 {[%emt 0:01:21]} Nc4 {[%emt 0:05:09]} 46. Rc1 {[%emt 0:03:55]} Ne3+ {[%emt 0:00:32]} 47. Kh3 {[%emt 0:01:08]} e4 {[%emt 0:05:00]} 48. Qb1 {[%emt 0:03:36]} Re6 {[%emt 0:05:12]} 49. Qb2 {[%emt 0:02:29]} Qf6 {[%emt 0:03:42]} 50. Ng3 {[%emt 0:05:00]} d3 {[%emt 0:02:20]} 51. Qd2 {[%emt 0:02:16]} exf3 {[%emt 0:00:58]} 52. Qxd3 {[%emt 0:01:57]} Rd8 {[%emt 0:00:24]} 53. Qb5 {[%emt 0:03:29]} f2 {[%emt 0:02:16]} 54. Nhf1 {[%emt 0:01:45]} Nxg4 {[%emt 0:01:04]} 55. Rc4 {[%emt 0:02:43]} Ne5 {[%emt 0:00:20]} 56. Rc2 {[%emt 0:00:36]} g4+ {[%emt 0:00:18]} 57. Kg2 {[%emt 0:00:19]} Qf3+ {[%emt 0:00:29]} 58. Kh2 {[%emt 0:00:10]} Qf4 {[%emt 0:00:58]} 59. Qb2 {[%emt 0:00:26]} Bd4 {[%emt 0:01:44]} 60. Qb7 {[%emt 0:00:44]} Rxa6 {[%emt 0:01:01]} 61. Qxa6 Nf3+ {[%emt 0:00:15]} 62. Kh1 {[%emt 0:01:14]} Qg5 {[%emt 0:00:40]} 63. Qc6 {[%emt 0:00:36]} Qh4+ {[%emt 0:00:11]} 0-1

[Event "21st Sants Open 2019"]
[Site "Cotxeres de Sants"]
[Date "2019.08.31"]
[Round "9.16"]
[White "Carmona Huertas, Juan Antonio"]
[Black "Garcia Ruiz, Adrian"]
[Result "1-0"]
[WhiteElo "1930"]
[BlackElo "1933"]
[Annotator "NA"]
[PlyCount "52"]
[EventDate "2019.08.22"]
[EventType "swiss"]
[EventCountry "ESP"]
[SourceTitle "playchess.com"]
[Source "ChessBase"]
[SourceQuality "1"]
[TimeControl "40/5400+30:1800+30"]

1. d4 {[%emt 0:00:00]} Nf6 {[%emt 0:15:16]} 2. c4 {[%emt 0:00:00]} e6 {[%emt 0:00:28]} 3. Nf3 {[%emt 0:00:00]} d5 {[%emt 0:00:01]} 4. g3 {[%emt 0:00:00]} Be7 {[%emt 0:00:02]} 5. Bg2 {[%emt 0:00:00]} O-O {[%emt 0:00:02]} 6. O-O {[%emt 0:00:33]} dxc4 {[%emt 0:00:02]} 7. Qc2 {[%emt 0:00:32]} a6 {[%emt 0:00:02]} 8. a4 {[%emt 0:03:40]} Bd7 {[%emt 0:00:02]} 9. Qxc4 {[%emt 0:00:55]} Bc6 {[%emt 0:00:02]} 10. Nc3 {[%emt 0:00:39]} a5 {[%emt 0:00:32]} 11. Rd1 {[%emt 0:10:41]} Na6 {[%emt 0:00:18]} 12. Bf4 {[%emt 0:06:41]} Nb4 {[%emt 0:00:06]} 13. Nb5 {[%emt 0:03:14]} Nbd5 {[%emt 0:00:47]} 14. Ne5 {[%emt 0:08:54]} Bxb5 {[%emt 0:00:12]} 15. axb5 {[%emt 0:00:47]} Nxf4 {[%emt 0:00:21]} 16. gxf4 {[%emt 0:00:10]} Nd5 {[%emt 0:00:39]} 17. e3 {[%emt 0:02:45]} Qd6 {[%emt 0:03:59]} 18. Rdc1 {[%emt 0:05:29]} Rfc8 {[%emt 0:01:05]} 19. f5 {[%emt 0:05:25]} Bf6 {[%emt 0:00:20]} 20. Nxf7 {[%emt 0:02:34]} Kxf7 {[%emt 0:00:49]} 21. fxe6+ {[%emt 0:00:08]} Kxe6 {[%emt 0:01:39]} 22. e4 {[%emt 0:02:18]} c6 {[%emt 0:08:56]} 23. bxc6 {[%emt 0:13:42]} bxc6 {[%emt 0:00:24]} 24. Bh3+ {[%emt 0:09:37]} Ke7 {[%emt 0:00:16]} 25. Bxc8 {[%emt 0:00:19]} Nb6 {[%emt 0:00:37]} 26. e5 Qd8 1-0

[Event "21st Sants Open 2019"]
[Site "Cotxeres de Sants"]
[Date "2019.08.31"]
[Round "9.17"]
[White "Morais Carreras, Javier"]
[Black "Romeu Perulles, Jaume"]
[Result "1-0"]
[WhiteElo "1939"]
[BlackElo "1813"]
[Annotator "NA"]
[PlyCount "77"]
[EventDate "2019.08.22"]
[EventType "swiss"]
[EventCountry "ESP"]
[SourceTitle "playchess.com"]
[Source "ChessBase"]
[SourceQuality "1"]
[TimeControl "40/5400+30:1800+30"]

1. e4 {[%emt 0:00:00]} e5 {[%emt 0:00:00]} 2. Nf3 {[%emt 0:00:00]} Nf6 {[%emt 0:00:00]} 3. Nxe5 {[%emt 0:00:00]} d6 {[%emt 0:00:00]} 4. Nf3 {[%emt 0:00:06]} Nxe4 {[%emt 0:00:08]} 5. Nc3 {[%emt 0:00:08]} Nxc3 {[%emt 0:00:07]} 6. dxc3 {[%emt 0:00:06]} Be7 {[%emt 0:00:09]} 7. Be3 {[%emt 0:00:06]} O-O {[%emt 0:00:27]} 8. Qd2 {[%emt 0:00:03]} Nd7 {[%emt 0:02:00]} 9. O-O-O {[%emt 0:01:21]} Ne5 {[%emt 0:02:51]} 10. Kb1 {[%emt 0:00:23]} Be6 {[%emt 0:01:36]} 11. Nd4 {[%emt 0:00:36]} a6 {[%emt 0:07:06]} 12. Nxe6 {[%emt 0:05:34]} fxe6 {[%emt 0:00:33]} 13. Be2 {[%emt 0:00:34]} Nc6 {[%emt 0:12:02]} 14. Bd3 {[%emt 0:04:55]} Ne5 {[%emt 0:02:31]} 15. Be2 {[%emt 0:00:30]} Nc6 {[%emt 0:00:20]} 16. f4 {[%emt 0:00:22]} e5 {[%emt 0:02:09]} 17. g3 {[%emt 0:00:55]} Kh8 {[%emt 0:06:31]} 18. Bd3 {[%emt 0:00:46]} Qe8 {[%emt 0:02:00]} 19. Qg2 {[%emt 0:00:57]} exf4 {[%emt 0:03:29]} 20. Qh3 {[%emt 0:01:43]} g6 {[%emt 0:01:19]} 21. gxf4 {[%emt 0:02:45]} Qc8 {[%emt 0:05:46]} 22. Qh6 {[%emt 0:07:52]} Rf6 {[%emt 0:09:46]} 23. Rhg1 {[%emt 0:03:57]} Qf8 {[%emt 0:09:18]} 24. Qh3 {[%emt 0:01:09]} Qc8 {[%emt 0:06:21]} 25. Qg2 {[%emt 0:03:43]} Qg8 {[%emt 0:05:37]} 26. Be4 {[%emt 0:01:58]} Re8 {[%emt 0:05:21]} 27. Bd5 {[%emt 0:00:47]} Qf8 {[%emt 0:01:22]} 28. Bxc6 {[%emt 0:00:22]} bxc6 {[%emt 0:00:11]} 29. Bd4 {[%emt 0:00:10]} Kg8 {[%emt 0:00:31]} 30. Bxf6 {[%emt 0:00:31]} Bxf6 {[%emt 0:02:46]} 31. f5 {[%emt 0:00:47]} g5 {[%emt 0:02:04]} 32. h4 {[%emt 0:00:21]} h6 {[%emt 0:00:15]} 33. hxg5 {[%emt 0:00:08]} hxg5 {[%emt 0:00:56]} 34. Qxc6 {[%emt 0:00:23]} Qe7 {[%emt 0:01:12]} 35. Qg2 {[%emt 0:00:55]} Rb8 {[%emt 0:00:47]} 36. Qd5+ {[%emt 0:00:45]} Kg7 {[%emt 0:00:36]} 37. Rde1 {[%emt 0:00:46]} Qd7 {[%emt 0:00:40]} 38. Re6 {[%emt 0:02:22]} Rb5 {[%emt 0:00:44]} 39. Rxg5+ {[%emt 0:03:48]} 1-0